000
00326 a2200157 4500
001
68439
020
_a
9781337610933
040
_c
Anchieta - Pituba
100
_a
Stannett, Katherine
240
1
0
_a
Impact 2
_l
245
1
0
_a
Impact 2
300
_a
175
362
0
_a
2017
650
4
_a
Inglês e inglês antigo
942
_c
BK
999
_c
68439
_d
68439